00369nam a22001337a 4500020001600000082001700016100002000033245004200053260004200095300002300137490002600160650002900186700002000215 a052101333X  a428.0076 JAK aJakeman, Veness aCambridge IELTS 3 with answer edition aUKbCambridge University Press,c2002 aiv, 172 p.eCD-ROM aIelts practice tests. aExamination Papers IELTS aMCDowell, Clare